Open Data Biblioteca Nacional de Portugal


República Portuguesa: Ministério da Cultura
Biblioteca Nacional de Portugal

Catálogo da BNP: acesso por Identificadores Unívocos
Registos Bibliográficos associados ao registo de autoridade

Etiqueta de registo: 00254nkm 2200109
001 1935123
003 http://id.bnportugal.gov.pt/bib/catbnp/1935123
100 ## $a20160628f19041906am y0pory01030103ba
101 0# $apor
102 ## $aPT
200 1# $a Uma pitada por David de Mello Junior, 1901$bVisual gráfico]
210 #9 $aLisboa$b(Aurea, 80)$cPap. e Typ. de Paulo Guedes & Saraiva,$d[ca 1905]
215 ## $a1 postal$cp&b$d14x9 cm
225 2# $aBellas artes [ Paulo Guedes & Saraiva]$v9
225 2# $a [ Portugal Paulo Guedes & Saraiva]$v878
306 ## $aDatação em conformidade com as referências externas
316 ## $aPostal não circulado
321 1# $aCatalogo dos bilhetes postaes illustrados de Paulo Guedes & Saraiva. Lisboa: Pap. e Typ. de Paulo Guedes & Saraiva, 1905
321 1# $aVicente de Sousa - Portugal no 1.º quartel do séc. XX documentado pelo bilhete postal ilustrado. Bragança: CM, 1985, p. 34
330 ## $aFigura de idosa, a meio corpo, prepara cigarro
675 ## $a75(=1:469)"19"(084.0)$vBN$zpor$3299952
700 #1 $aMelo Júnior,$bDavid de,$ffl. ca 1900$31650165
702 #1 $aGuedes,$bPaulo Emílio,$f1886-1947$4650$31327239
801 #0 $aPT$bBN$gRPC
966 ## $lBN$mICONOG$sP.I. 30433 P.$x6
997 ## $aBIBEOD

Etiqueta de registo: 00254nkm 2200109 450
001 2288111
003 http://id.bnportugal.gov.pt/bib/catbnp/2288111
100 ## $a20260617f19021907am y0pory01030103ba
101 0# $apor
102 ## $aPT
200 1# $aBellas artes$bVisual gráfico]
210 #9 $aLisboa$b(Aurea, 80)$cPap. e Typ. de Paulo Guedes & Saraiva,$d[entre 1902 e 1907]
215 ## $a15 postais$cp&b$d9x14 cm ou 14x9 cm
225 2# $aBellas artes [ Paulo Guedes & Saraiva]$v1-10$v16$v31$v42$v45
225 2# $a [ Portugal Paulo Guedes & Saraiva]$v400$v476$v873-878$v1248$v1263$v1376$v1382$v1414
306 ## $aDatação em conformidade com as referências externas
316 ## $aPostais não circulados
321 1# $aCatalogo dos bilhetes postaes illustrados de Paulo Guedes & Saraiva. Lisboa: Pap. e Typ. de Paulo Guedes & Saraiva, 1905
321 1# $aVicente de Sousa - Portugal no 1.º quartel do séc. XX documentado pelo bilhete postal ilustrado. Bragança: CM, 1985, p. 34
327 1# $a1: "O Desterrado por Soares dos Reis" (P.I. 5549 P.) Uma pitada"Festa da S.ª da Rocha em Carnaxide por Francisco Antonio do Valle" (P.I. 5558 P.) A avó$a2: "Garoto de jornaes, por Costa Motta" (P.I. 5554 P.)$a3: "Lagoa de Setil por Thomaz de Mello Junior, 1904" (P.I. 5557 P.)$a4: "S. José de Soares dos Reis" (P.I. 5550 P.)$a5: "S. Joaquim de Soares dos Reis" (P.I. 5551 P.)$a6: "Noute de Verão por Domingos Costa, 1900" (P.I. 5553 P.)$a7: Toillete de Juno por Domingos Costa (P.I. 5552 P.)$a8: "Festa da S.ª da Rocha em Carnaxide por Francisco Antonio do Valle" (P.I. 5558 P.) $a9: "Uma pitada por David de Mello Junior, 1901" (P.I. 5556 P.)$a10: "Na missa de Notre Dame por David de Mello Junior" (P.I. 5555 P.)$a16: "Costa da Caparica, por A. Roque Gameiro" (P.I. 12886 P.)$a31: "David por Thomaz da Costa" (P.I. 5403 P.)$a36: Reprodução de pintura "por Julio Teixeira Bastos" (P.I. 15537 P.)$a42: "A Avó por D. Julia Ferreira Pinto" (P.I. 16281 P.)$a45: "Castanheiros velhos (Valles), por Julio Teixeira Bastos" (P.I. 12887 P.)
675 ## $a730(=1:469)"18"(084.0)$vBN$zpor$31438980
675 ## $a75(=1:469)"19"(084.0)$vBN$zpor$3299952
675 ## $a39(=1:469)(084.0)$vBN$zpor$31574865
675 ## $a730(=1:469)"18"(084.0)$vBN$zpor$31438980
675 ## $a75(=1:469)"189/190"(084.0)$vBN$zpor$31649737
675 ## $a394.5/6(469.411)"190"(084.0)$vBN$zpor$31649443
675 ## $a75Bastos, Júlio Teixeira(084.0)$vBN$zpor$31949785
675 ## $a75(=1:469)"19"(084.0)$vBN$zpor$3299952
675 ## $a75Gameiro, Alfredo Roque(084.0)$vBN$zpor$31949798
675 ## $a75.047(=1:469)"19"(084.0)$vBN$zpor$31949782
702 #1 $aMelo Júnior,$bDavid de,$ffl. ca 1900$4100$31650165
702 #1 $aPinto,$bJulia Ferreira$4100$31920747
702 #1 $aReis,$bSoares dos,$f1847-1889$4100$3146779
702 #1 $aCosta,$bDomingos,$f1867-1954$4100$31649731
702 #1 $aCosta,$bThomaz,$f1861-?$4100$31723315
702 #1 $aMota,$bCosta,$f1862-1930$4100$310917
702 #1 $aMelo Júnior,$bTomás de$4100$31650151
702 #1 $aBastos,$bJúlio Teixeira,$f1860–1919$4100$31949775
702 #1 $aReis,$bSoares dos,$f1847-1889$4100$3146779
702 #1 $aVale,$bFrancisco António do,$ffl. ca 1900$4100$31649469
702 #1 $aGameiro,$bAlfredo Roque,$f1864-1935$4100$329769
702 #1 $aGuedes,$bPaulo Emílio,$f1886-1947$4650$31327239
801 #0 $aPT$bBN$gRPC
966 ## $lBN$mICONOG$sP.I. 5403 P.$x2
966 ## $lBN$mICONOG$sP.I. 5549 P.
966 ## $lBN$mICONOG$sP.I. 5550 P.
966 ## $lBN$mICONOG$sP.I. 5551 P.
966 ## $lBN$mICONOG$sP.I. 5552 P.
966 ## $lBN$mICONOG$sP.I. 5553 P.
966 ## $lBN$mICONOG$sP.I. 5554 P.
966 ## $lBN$mICONOG$sP.I. 5555 P.
966 ## $lBN$mICONOG$sP.I. 5556 P.
966 ## $lBN$mICONOG$sP.I. 5557 P.
966 ## $lBN$mICONOG$sP.I. 5558 P.
966 ## $lBN$mICONOG$sP.I. 12886 P.$x2
966 ## $lBN$mICONOG$sP.I. 12887 P.$x2
966 ## $lBN$mICONOG$sP.I. 13266 P:
966 ## $lBN$mICONOG$sP.I. 15537 P.$x2
966 ## $lBN$mICONOG$sP.I. 16281 P.$x2
966 ## $lBN$mICONOG$sP.I. 30433 P.

OpendataBNP@bnportugal.pt | Mais informação sobre acesso aos dados BNP